| 000 | 01067nam a2200301 4500 | ||
|---|---|---|---|
| 003 | EG-GICUC | ||
| 005 | 20260121101331.0 | ||
| 008 | 251122s1925 gw ||||fr|||| 00| 0 ger d | ||
| 040 |
_aEG-GiCUC _bger _cEG-GiCUC _dEG-GiCUC _erda |
||
| 041 | _ager | ||
| 082 | 0 | 4 |
_221 _a341.33 _bS T . W |
| 092 | 0 | 4 | _221 |
| 099 | _aLaw1 11 341.33 S T . W 1925 | ||
| 100 | 1 |
_aStrupp, Karl _eeditor. |
|
| 245 | 1 | 0 |
_aWörterbuch des Völkerrechts und der Diplomatie. _nZweiter Band, _pMaas - Utschiali / _cbegonnen von Prof. Dr. Julius Hatschek, fortgesetzt und herausgegeben von Dr. Karl Strupp. |
| 264 |
_aBerlin und Leipzig : _bWalter de Gruyter & Co., _c1925. |
||
| 300 |
_a779 pages ; _c24 cm. |
||
| 336 |
_2rda content _atext |
||
| 337 |
_2rda media _aComputer |
||
| 338 |
_2rda carrier _aOnline Resource |
||
| 546 | _a Text in German | ||
| 650 | 1 |
_aDiplomatie / Diplomatisches Korps _2qrmak |
|
| 651 | 1 | _2qrmak | |
| 700 | 1 |
_aHatschek, Julius _eAuthor. |
|
| 856 | 4 | 0 | _uhttps://fll.law.cu.edu.eg/fulltext/bks/B11-06133.pdf |
| 905 |
_a75 _eYara |
||
| 942 |
_2ddc _n0 _cBK _e21 |
||
| 999 |
_c45275 _d45275 |
||